පරිසර විද්යාව හා ඒ තුල ගැබි වි ඇති ඒකියතා ධර්මය (Record no. 14114)
[ view plain ]
| 000 -LEADER | |
|---|---|
| fixed length control field | 00628nam a2200181Ia 4500 |
| 008 - FIXED-LENGTH DATA ELEMENTS--GENERAL INFORMATION | |
| fixed length control field | 180921t1995 xxu||||| |||| 00| 0 sin d |
| 041 ## - LANGUAGE CODE | |
| Language code of text/sound track or separate title | Sinhala; Sinhalese |
| 080 ## - UNIVERSAL DECIMAL CLASSIFICATION NUMBER | |
| Universal Decimal Classification number | 577.4 |
| Item number | GUN |
| 942 ## - ADDED ENTRY ELEMENTS (KOHA) | |
| Koha item type | Books |
| 003 - CONTROL NUMBER IDENTIFIER | |
| control field | LK-CoDNM |
| 040 ## - CATALOGING SOURCE | |
| Original cataloging agency | LK-CoDNM |
| Modifying agency | LK-CoDNM |
| Description conventions | LK-CoDNM |
| 100 ## - MAIN ENTRY--PERSONAL NAME | |
| Personal name | Gunarathna, M.M. |
| 245 ## - TITLE STATEMENT | |
| Title | පරිසර විද්යාව හා ඒ තුල ගැබි වි ඇති ඒකියතා ධර්මය |
| 246 ## - VARYING FORM OF TITLE | |
| Title proper/short title | Parisara vidyaava haa e thula gaebvi athi ekiyathaa dhrmaya |
| 260 ## - PUBLICATION, DISTRIBUTION, ETC. (IMPRINT) | |
| Name of publisher, distributor, etc. | S.Godage |
| Place of publication, distribution, etc. | Colombo |
| Date of publication, distribution, etc. | 1995 |
| 300 ## - PHYSICAL DESCRIPTION | |
| Extent | 309p., 21 cm |
| 650 ## - SUBJECT ADDED ENTRY--TOPICAL TERM | |
| Topical term or geographic name as entry element | Ecology |
| -- | Adam's peak |
| -- | Sinharaja |
| -- | Horton plane |
| Withdrawn status | Lost status | Damaged status | Not for loan | Collection code | Permanent Location | Current Location | Date acquired | Full call number | Barcode | Koha item type |
|---|---|---|---|---|---|---|---|---|---|---|
| Science | Library National Museum Colombo - Sri Lanka | Library National Museum Colombo - Sri Lanka | 2023-06-11 | 577.4 GUN | 134991 | Books |


